'T' American History Quiz Stats

 Plays Quiz Updated Nov 27, 2016

Support Sporcle.
Go Orange.
Score 0/20 Timer 07:00
5 Plays Today
Hint Answer % Correct
What president oversaw the conclusion of World War II and the start of the Korean War?Harry S. Truman
97%
What state was once an independent republic from 1836 to 1845?Texas
96.9%
What Missouri author and humorist wrote 'The Adventures of Tom Sawyer'?Mark Twain
85.9%
Who was the only president to also serve as Chief Justice of the United States?William H. Taft
78.7%
What name was given to the route of forced relocation for Native Americans in the late 1830s?Trail of Tears
77.4%
What Mexican-American War hero later served as president from 1849 to 1850?Zachary Taylor
71.9%
What president dedicated his last two years in office to the annexation of Texas?John Tyler
70.6%
What author, abolitionist, and transcendentalist wrote 'Walden' in 1854?Henry David Thoreau
68.1%
What 1920s bribery incident damaged the reputation of the Harding administration?Teapot Dome Scandal
56%
What corporation, created in 1933, built dams and power plants along the Tennessee River?Tennessee Valley Authority
52.3%
Hint Answer % Correct
What leader of the Shawnee tribe allied with the British during the War of 1812?Tecumseh
50.3%
What institution was founded in 1881 in Alabama by Booker T. Washington?Tuskegee Institute
50.1%
What Native American athlete won gold medals for pentathlon and decathlon in the 1912 Olympics?Jim Thorpe
45.9%
What nickname was given to Theodore Roosevelt, due to his aggressive use of antitrust law?Trust buster
41.4%
Who led a slave rebellion in Virginia on August 21, 1831?Nat Turner
40.9%
What Democratic political machine played a major role in New York politics from the 1790s to the 1960s?Tammany Hall
40.2%
What factory in Manhattan was the site of one of the deadliest industrial disasters in American history in 1911?Triangle Shirtwaist Factory
33.7%
What abolitionist and women's rights activist gave her 'Ain't I a Woman?' speech in 1851?Sojourner Truth
31.2%
Who won the popular vote in the 1876 presidential election, but lost to Rutherford B. Hayes in the Electoral College vote?Samuel J. Tilden
23.6%
What Chief Justice of the United States delivered the majority opinion in the 1857 Dred Scott case?Roger Brooke Taney
16.9%

You're not logged in!

Compare scores with friends on all Sporcle quizzes.
OR
Log In

From the Vault

US Presidents by First Letter Blitz

by El_Dandy

If you want a challenge, try entering only presidents with long surnames.
Remove Ads.
Support Sporcle.
Get the best of Sporcle when you Go Orange. This ad-free experience offers more features, more stats, and more fun while also helping to support Sporcle. Thank you for becoming a member.

Show Comments

Extras

Top Quizzes Today


Score Distribution

Your Account Isn't Verified!

In order to create a playlist on Sporcle, you need to verify the email address you used during registration. Go to your Sporcle Settings to finish the process.

Report this User

Report this user for behavior that violates our Community Guidelines.

Details: